000 00672nam a2200193 i 4500
001 135440
003 ES-MaACL
005 20250817210337.0
007 t|
008 070718s1890 fr ||||1| fre d
100 1 _aTolstói, Lev,
_d1828-1910
_9110489
245 1 3 _aLe progrès et l'instruction publique en Russie /
_cLev Nikolaevich Tolstoï ; première traduction française par B. Tseytline et E. Jaubert.
260 _aParis :
_b[s.n.],
_c1890 (
_fEvreuse Ch. Herissey)
300 _a216 p. ;
_c19 cm.
700 1 _aTseytline, Boris (
_d18..-1889)
_9111604
700 1 _aJaubert, Ernest,
_d1856-1942
_9128280
852 _aES-MaACL
_jF-9782
999 _c135440
_d135440